[Event "IND-chB 52nd"]
[Site "Dharamshala"]
[Date "2014.05.09"]
[Round "1"]
[White "Deepan Chakkravarthy, J."]
[Black "Kevilekho, Zumvu"]
[Result "1/2-1/2"]
[WhiteElo "2513"]
[BlackElo "1920"]
[PlyCount "83"]
[EventDate "2014.05.09"]
[EventType "swiss"]
[EventRounds "13"]
[EventCountry "IND"]
[SourceTitle "CBM 160 Extra"]
[Source "ChessBase"]
[SourceDate "2014.07.01"]
[SourceVersion "1"]
[SourceVersionDate "2014.07.01"]
[SourceQuality "1"]

1. d4 Nf6 2. Nf3 g6 3. c4 Bg7 4. Nc3 d6 5. g3 0-0 6. Bg2 Nc6 7. 0-0 a6 8. d5 Na5 9. Nd2 c5 10. Qc2 Rb8 11. Rb1 Bd7 12. b3 b5 13. h3 Qc8 14. Kh2 e6 15. e4 Re8 16. f4 exd5 17. cxd5 b4 18. Nd1 Bb5 19. Nc4 Bxc4 20. bxc4 Nd7 21. Bb2 Nb6 22. Bxg7 Kxg7 23. Ne3 f6 24. h4 Qd7 25. Bh3 Qa4 26. Rb3 Re7 27. Be6 Nxb3 28. axb3 Qe8 29. h5 a5 30. Ng4 gxh5 31. e5 Rxe6 32. dxe6 hxg4 33. exf6+ Kxf6 34. Qb2+ Ke7 35. Qg7+ Kd8 36. f5 Qe7 37. f6 Qxe6 38. f7 Qe2+ 39. Kg1 Qe3+ 40. Kg2 Qe4+ 41. Kg1 Qe3+ 42. Kg2 1/2-1/2

[Event "IND-chB 49th"]
[Site "Aurangabad"]
[Date "2011.06.16"]
[Round "1"]
[White "Kamble, Vikramaditya"]
[Black "Kevilekho, Zumvu"]
[Result "1-0"]
[WhiteElo "2406"]
[BlackElo "1941"]
[PlyCount "89"]
[EventDate "2011.06.16"]
[EventType "swiss"]
[EventRounds "13"]
[EventCountry "IND"]
[SourceTitle "CBM 143 Extra"]
[Source "ChessBase"]
[SourceDate "2011.08.29"]
[SourceVersion "1"]
[SourceVersionDate "2011.08.29"]
[SourceQuality "1"]

1. e4 d6 2. d4 Nf6 3. f3 g6 4. Bg5 c6 5. Nc3 Nbd7 6. Qd2 h6 7. Be3 d5 8. e5 Ng8 9. h4 e6 10. h5 g5 11. f4 gxf4 12. Bxf4 c5 13. Nf3 a6 14. Ne2 Ne7 15. 0-0-0 Nc6 16. g4 Nb6 17. Kb1 Nc4 18. Qc1 Qb6 19. Ng3 cxd4 20. Bxc4 dxc4 21. Ne4 Ba3 22. Ka1 Be7 23. Bxh6 Bd7 24. Bg7 0-0-0 25. Bxh8 Rxh8 26. Qd2 Nb4 27. Nxd4 Rd8 28. Qc3 Ba4 29. Qxc4+ Kb8 30. Nd6 Bxd6 31. exd6 Rc8 32. Qe2 Rxc2 33. Nxc2 Nxc2+ 34. Qxc2 Bxc2 35. d7 Bxd1 36. Rxd1 Qd8 37. h6 Kc7 38. h7 b5 39. Rc1+ Kb7 40. Rh1 Kc7 41. h8Q Qxh8 42. Rxh8 Kxd7 43. Ra8 Ke7 44. Rxa6 Kf6 45. Ra7 1-0